Querying Microsoft SQL Server 2012 : (Record no. 92869)

MARC details
000 -LEADER
fixed length control field 00801nam a22002417a 4500
005 - DATE AND TIME OF LATEST TRANSACTION
control field 20150513113615.0
010 ## - LCCN (DPL NO)
LC control number ENG-112662
020 ## - INTERNATIONAL STANDARD BOOK NUMBER
International Standard Book Number 9788120347168
Terms of availability 795.00
035 ## - SYSTEM CONTROL NUMBER
System control number EN-96194
037 ## - SOURCE OF ACQUISITION
Source of stock number/acquisition DBAD/PUB
082 ## - DEWEY DECIMAL CLASSIFICATION NUMBER
Classification number 005.7585
100 ## - MAIN ENTRY--PERSONAL NAME
Personal name Ben-Gan, Itzik
245 00 - TITLE STATEMENT
Title Querying Microsoft SQL Server 2012 :
Statement of responsibility, etc by Itzik Ben-Gan,Dejan Sarka [and] Ron Talmage
Remainder of title exam 70-461 training kit /
260 ## - PUBLICATION, DISTRIBUTION, ETC. (IMPRINT)
Place of publication, distribution, etc New Delhi
Name of publisher, distributor, etc PHI Learning
Date of publication, distribution, etc 2013
270 ## - ADDRESS
Address M-97, Connaught Circus,
City New Delhi
Postal code 110001
300 ## - PHYSICAL DESCRIPTION
Extent xxx, 704p. :
Dimensions 24cm(pbk)
Other physical details ill.
Accompanying material 1CD-ROM
500 ## - GENERAL NOTE
General note Includes Index
650 ## - SUBJECT ADDED ENTRY--TOPICAL TERM
Topical term or geographic name as entry element SQL (Computer program language)
650 ## - SUBJECT ADDED ENTRY--TOPICAL TERM
Topical term or geographic name as entry element Database management.
700 ## - ADDED ENTRY--PERSONAL NAME
Personal name Sarka, Dejan
700 ## - ADDED ENTRY--PERSONAL NAME
Personal name Talmage, Ron
942 ## - ADDED ENTRY ELEMENTS (KOHA)
Source of classification or shelving scheme Dewey Decimal Classification
Item type English Books
Call number suffix BEN
Classification part 005.7585
Holdings
Withdrawn status Lost status Not for loan Collection code Home library Current library Date acquired Source of acquisition Cost, normal purchase price Full call number Barcode Copy number Cost, replacement price Koha item type
    Not For Loan Non-fiction D.B.Act.Division D.B.Act.Division 10/04/2015 DBAD/PUB 795.00 005.7585 BEN EN-96194 1 795.00 English Books

© Delhi Public Library
Hit Counter
free hit counter